| 000 | 00493nam a22001697a 4500 | ||
|---|---|---|---|
| 005 | 20250402145623.0 | ||
| 008 | 250402b |||||||| |||| 00| 0 eng d | ||
| 020 | _a9789392510618 | ||
| 041 | _aeng | ||
| 082 |
_a001.954 _bDAS B22478 |
||
| 100 | _aDasgupta S | ||
| 245 |
_aA History of Indian Philosophy : _bPrincipal Dualistic and Pluralistic Systems, Vol.III |
||
| 260 |
_aDelhi _bMotilal Banarsidass International |
||
| 300 | _a614p | ||
| 500 | _aIndian Knowledge System | ||
| 942 | _cBK | ||
| 999 |
_c365860 _d365860 |
||